[Event "EU-Cup 21st"]
[Site "Saint Vincent"]
[Date "2005.09.18"]
[Round "1.2"]
[White "Hracek, Zbynek"]
[Black "Abeln, Michiel"]
[Result "1-0"]
[WhiteElo "2591"]
[BlackElo "2355"]
[Annotator "Huzman,A"]
[PlyCount "76"]
[EventDate "2005.09.18"]
[EventType "team-swiss"]
[EventRounds "7"]
[EventCountry "ITA"]
[SourceTitle "CBM 110"]
[Source "ChessBase"]
[SourceDate "2006.01.31"]
[SourceVersion "1"]
[SourceVersionDate "2006.01.31"]
[SourceQuality "1"]
[WhiteTeam "Werder Bremen"]
[BlackTeam "Calder"]
[WhiteTeamCountry "GER"]
[BlackTeamCountry "NED"]

1. e4 d6 2. d4 Nf6 3. Nc3 e5 4. Nf3 exd4 5. Nxd4 Be7 6. g3 d5 7. e5 Ng4 8. Bg2
Nxe5 9. Qe2 Nec6 10. Be3 Nxd4 11. Bxd4 O-O 12. Nxd5 Bd6 13. O-O-O Nc6 (13...
Re8 14. Qh5 Nc6 15. Bc3 Ne5 16. h3 $16 {[%cal Gf2f4]}) 14. Bc3 Bf5 {Black
managed to finish the development of his pieces, but with his next move White
seizes the initiative.} (14... Qg5+ 15. f4 Qg6 16. Bf3 $16) 15. Qb5 $1 {
[%cal Gb5b7,Gb5f5]} Qc8 16. Ne3 Bd7 (16... Be6 17. Kb1 a6 18. Qh5 $36) 17. Qd3
{[%cal Gd1d7]} (17. Nc4 $1 a6 18. Qg5 f6 19. Nxd6 $16) 17... Be6 18. Be4 $1 f5
19. Bd5 Ne7 20. Qd4 ({The waiting move} 20. Bc4 $1 {made the defence of Black
very difficult.} Kh8 (20... Bxc4 21. Qxc4+ Kh8 22. Qd4 Rf7 23. Nc4 $16) 21.
Rhe1 $16) 20... Rf7 21. Bxe6 Qxe6 22. Nc4 Nc6 23. Qd5 Qxd5 24. Rxd5 $14 Bf8 25.
Rhd1 {[%cal Gd5d7]} Re8 26. f4 Re2 27. R5d2 Rxd2 28. Rxd2 Bb4 $2 {After this
mistake White penetrates to the seventh rank.} ({Black could hold his position
after} 28... Re7 29. Ne5 Nxe5 30. Bxe5 Kf7 31. Rd8 $36) 29. Bxb4 Nxb4 30. Ne5
$16 Rf8 31. a3 Na6 32. Rd7 $18 Rc8 33. b4 Nb8 34. Re7 b6 35. c4 a5 36. b5 {
[%csl Rb8]} c6 37. a4 cxb5 38. axb5 Na6 1-0

[Event "United Insurance 6th"]
[Site "Dhaka"]
[Date "2003.03.17"]
[Round "10"]
[White "Tiviakov, Sergei"]
[Black "Murshed, Niaz"]
[Result "1-0"]
[WhiteElo "2635"]
[BlackElo "2435"]
[Annotator "Huzman,A"]
[PlyCount "93"]
[EventDate "2003.03.08"]
[EventType "tourn"]
[EventRounds "13"]
[EventCountry "BAN"]
[EventCategory "9"]
[SourceTitle "CBM 095"]
[Source "ChessBase"]
[SourceDate "2003.07.25"]
[SourceVersion "1"]
[SourceVersionDate "2003.07.25"]
[SourceQuality "1"]

1. e4 e5 2. Nf3 d6 3. d4 Nd7 4. Bc4 c6 5. O-O Be7 6. dxe5 dxe5 7. Ng5 Bxg5 8.
Qh5 Qe7 9. Qxg5 Qxg5 10. Bxg5 Ngf6 11. f3 b5 (11... Nb6 12. Be2 Be6 13. Nd2 h6
14. Be3 O-O-O 15. a4 Kb8 16. a5 Nc8 17. Nc4 $16 {1-0 Ye Jiangchuan-Hon Kah
Seng,C/Asia 1987/EXT 97 (74)}) (11... Nc5 12. Nd2 b5 13. Bb3 Be6 14. Be3 Nfd7
15. Bxe6 fxe6 16. b3 O-O 17. Rfd1 Kf7 18. Nf1 Ke7 19. Rd2 Nb7 20. Bf2 Rfd8 21.
Ne3 $16 {Kos,T-Vrcon,D/Bled 2000/EXT 2001/1-0 (41)}) 12. Be2 Nb6 (12... Nc5 13.
Be3 Nfd7 14. Rd1 Ke7 15. Nc3 a5 16. a4 b4 17. Nb1 Rd8 18. Nd2 Ne6 19. Nc4 Ba6
20. Kf2 Bxc4 21. Bxc4 Ndc5 22. b3 Nd4 23. Rd2 $16 {1-0 Korneev,O-Strikovic,A/
Zaragoza 1995/EXT 97 (46)}) 13. Nd2 Be6 14. Rfc1 (14. b3 Nfd7 15. Rfc1 f6 16.
Be3 Ke7 17. c4 bxc4 18. Nxc4 Nxc4 19. Bxc4 Bxc4 20. Rxc4 Rhc8 21. Rac1 $16 {
1/2-1/2 Topalov,V-Franco Ocampos,Z/Pamplona 1994/CBM 46/[Hecht] (65)}) 14...
Nfd7 (14... h6 15. Be3 Nfd7 16. c4 a6 17. cxb5 cxb5 18. Rc6 Rb8 19. b3 O-O 20.
a4 bxa4 21. bxa4 a5 22. Bb5 $16 {1-0 Vescovi,G-Pelikian,J/Sao Paulo 2001/CBM
82 ext/[Melao,H] (47)}) 15. c4 $16 {The 2 Bs advantage prompts White to burst
the game open.} b4 (15... a6 16. Be3 O-O 17. b3 $16 {[%cal Ga2a4]} (17. cxb5
cxb5 18. Rc6 Rfc8 19. Rxb6 Nxb6 20. Bxb6 Rc2 $11)) 16. a3 bxa3 (16... a5 17. c5
$18) 17. Rxa3 f6 18. Be3 Ke7 19. Rca1 Nc8 20. Bxa7 $16 {It seems that White is
too eager to reap the harvest. He could well afford to improve his Q-side
pieces' position before actually collecting his due.} (20. b4 $5 {[%csl Ra7,
Rc6][%cal Gd2b3,Gb3a5]}) 20... Rxa7 21. Rxa7 Nxa7 22. Rxa7 Rb8 23. b3 Kd6 24.
Kf2 g5 25. Bd1 h5 26. Be2 Nc5 27. Ke3 {Probably it was mistake in the text of
the game and Be2 plased on c2.(26.Bc2)} Bd7 (27... Nxb3 $11) 28. Ra3 Ne6 29.
Bd1 h4 30. Nb1 Nd4 31. Nc3 g4 $6 (31... Be6 $142) 32. f4 g3 33. hxg3 Bg4 $6 (
33... hxg3 34. f5 $16) 34. fxe5+ fxe5 35. c5+ $1 Ke7 $4 (35... Kxc5 36. Ra5+
Kb4 37. Rxe5 Bxd1 38. Nxd1 hxg3 39. Kxd4 (39. Rg5 Nxb3 40. Rxg3 c5) 39... Rd8+
40. Ke3 Rxd1 41. Re6 Rc1 $16) 36. Ra7+ Kf6 37. Bxg4 Rxb3 38. Kd2 Rb2+ 39. Ke1
Nc2+ (39... Rxg2 40. Ne2 hxg3 41. Ra8 $18) 40. Ke2 Nb4+ 41. Kf1 hxg3 42. Rb7
Rf2+ 43. Kg1 Nd3 44. Ne2 Ne1 45. Rb3 Rxg2+ 46. Kf1 Kg5 47. Bh3 1-0

[Event "United Insurance 6th"]
[Site "Dhaka"]
[Date "2003.03.17"]
[Round "10"]
[White "Goloshchapov, Alexander"]
[Black "Magem Badals, Jordi"]
[Result "1-0"]
[WhiteElo "2523"]
[BlackElo "2493"]
[Annotator "Huzman,A"]
[PlyCount "163"]
[EventDate "2003.03.08"]
[EventType "tourn"]
[EventRounds "13"]
[EventCountry "BAN"]
[EventCategory "9"]
[SourceTitle "CBM 095"]
[Source "ChessBase"]
[SourceDate "2003.07.25"]
[SourceVersion "1"]
[SourceVersionDate "2003.07.25"]
[SourceQuality "1"]

1. e4 e5 2. Nf3 d6 3. d4 Nf6 4. Nc3 Nbd7 5. Bc4 Be7 6. O-O O-O 7. Re1 c6 8. a4
a5 9. h3 exd4 10. Nxd4 Nc5 11. Bf4 Be6 12. Nxe6 (12. Bf1 Qb6 13. Qf3 (13. b3
Rad8 14. Qf3 d5 15. exd5 Nxd5 16. Nxe6 fxe6 17. Nxd5 cxd5 18. Qe3 Qb4 19. Be5
Qh4 20. f3 b6 21. Rad1 Bd6 22. Rd4 {1/2-1/2 Kutuzovic,B-Topalovic,Z/Pula 2002/
CBM 88 ext (22)}) 13... d5 (13... Rad8 14. Rad1 Qb4 15. Qe3 Qb6 16. g4 Rfe8 17.
Qg3 Qb4 18. Bg2 Nxa4 19. Nxa4 Qxa4 20. c3 c5 21. Nxe6 fxe6 22. Bxd6 $16 {
1-0 Tseshkovsky,V-Jenetl,R/Krasnodar 2001/EXT 2002 (41)}) 14. exd5 Nxd5 15. Be5
Nd7 16. Nf5 Nxe5 17. Nxe7+ Nxe7 18. Rxe5 Ng6 $11 {1-0 Dervishi,E-Georgiev,V/
Durres 2001/EXT 2002 (32)}) 12... fxe6 13. e5 (13. Qd2 d5 14. exd5 exd5 15. Ba2
Kh8 16. Rad1 Nfe4 17. Nxe4 Nxe4 18. Qc1 Qb6 19. Be3 Bc5 $17 {0-1 Duminica,
M-Ionescu Brandis,I/Bucharest 1993/EXT 99 (28)}) (13. Qe2 Qb6 14. Qe3 d5 15.
exd5 Nxd5 16. Bxd5 exd5 17. Qxe7 Rxf4 18. Qd6 $2 Rf6 $17 {1/2-1/2 Beliavsky,
A-Oratovsky,M/Bugojno 1999/CBM 74/[Oratovsky,M] (50)}) 13... d5 14. exf6 Bxf6
15. Qg4 $1 (15. Be3 d4 16. Qg4 dxe3 17. Bxe6+ Kh8 18. Rxe3 Bd4 19. Re2 Qf6 $36)
15... dxc4 $2 (15... h5 $142 16. Qf3 (16. Qg3 dxc4 17. Rad1 Qb6 18. Be3 Qb4 19.
Na2 Ne4 20. Qg6 Qxb2 21. Qxe4 Qxa2 22. Qxe6+ Kh8 23. Rb1 $44) 16... dxc4 17.
Qxh5 Bxc3 18. bxc3 Rf5 19. Qg4 $36) 16. Be3 (16. Rad1 $1 Qb6 (16... Qc8 17. Bd6
Bxc3 18. Bxf8 Qxf8 19. bxc3 $16) 17. Be3 $1 Qxb2 (17... Bxc3 18. bxc3 Rf5 19.
Rd7 $1 $16) 18. Bxc5 Bxc3 19. Qxe6+ Kh8 20. Rb1 $1 Qxc2 21. Bxf8 Bxe1 (21...
Rxf8 22. Qf7 $1 $18) 22. Bxg7+ Kxg7 23. Rxb7+ $18) 16... Qe7 17. Qxc4 $14 Na6
$1 (17... Nd7 18. Ne4 $1 Bxb2 (18... Be5 19. Rad1 $16) 19. Rab1 $16) 18. Bb6
Rfe8 19. Bxa5 Qc5 $1 20. Qxc5 Nxc5 21. Bb4 Bxc3 22. Bxc3 Nxa4 23. Be5 $14 {
The game develops all over the board, and therefore the B is by definition
stronger than the N.} Nb6 24. Rad1 Re7 25. Rd3 {[%cal Gd3b3,Gd3g3,Gd3d8][%mdl
4128]} Rae8 26. Red1 Nd5 27. c4 Nf6 28. g4 {White pawns are well positioned
now, and it's time to think of improving on the Majesty's position.} h6 29. Kg2
Kf7 30. f3 Ra8 31. Kg3 Ra4 32. b3 Ra5 33. Bc3 Ra8 34. h4 c5 35. Be5 Rc8 36. g5
{Now the Rs are ready to have their say by penetrating amidst the black camp.}
hxg5 37. hxg5 Nh7 38. Kg4 Nf8 39. Rd8 Re8 40. Rxe8 Rxe8 41. Rd6 Ng6 42. Bg3 Re7
43. Rb6 Rd7 44. Bd6 $18 {Black is unable to protect all his weaknesses anymore.
} Ne7 45. Bxc5 Nc6 46. Kf4 Kg6 47. Be3 Kf7 48. Ke4 Ne7 49. Bf4 Nc6 50. Be5 g6
51. f4 Ke7 52. b4 Kf7 53. b5 {Mistakes are creeping into an almost perfect
game. Might be time-pressure....} (53. c5 $142) 53... Na5 54. Rd6 Rxd6 55. Bxd6
Nxc4 56. Bc5 Nd2+ 57. Ke5 Nf3+ 58. Kd6 e5 59. Be3 $1 exf4 60. Bxf4 Ke8 (60...
Nd4 61. b6 Ne6 62. Be3 $18) 61. Be3 $1 {[%csl Rf3]} Kd8 62. Ke6 Kc7 63. Kf6 Kd6
64. Kxg6 Ke6 65. Kh6 Nh4 66. Bf2 Nf5+ 67. Kh7 Kd5 68. Kg8 Nd6 69. b6 Ke6 (69...
Ne4 $1 70. Be3 (70. g6 Nxf2 71. g7 Ng4 $11) 70... Nxg5 71. Bxg5 Ke6 72. Kf8 Kd7
$11) 70. g6 Nf5 71. Kh7 Kd7 72. Bd4 Kc8 73. Bf6 Kd7 74. Kg8 Ke6 75. Bg5 Nd6 76.
Kf8 Nf5 77. Ke8 $1 (77. g7 $2 Nxg7 78. Kxg7 Kd7 79. Kf7 Kc8 80. Bf4 Kd8 $11)
77... Nd6+ (77... Kd6 78. Kf7 Kc6 79. Bf4 Kd5 80. Kf6 Ke4 81. Bc7 Nh6 82. g7
Ng8+ 83. Kg6 Kd5 (83... Ne7+ 84. Kh7 $1 Kf5 85. Bd8 $18) 84. Bd8 $18) 78. Kd8
Nc4 79. Kc7 Ne5 80. g7 Kf7 81. Bf6 Ng4 82. Bd4 1-0

[Event "United Insurance 6th"]
[Site "Dhaka"]
[Date "2003.03.20"]
[Round "13"]
[White "Ahmed, Sk Nasir"]
[Black "Magem Badals, Jordi"]
[Result "0-1"]
[WhiteElo "2309"]
[BlackElo "2493"]
[Annotator "Huzman,A"]
[PlyCount "90"]
[EventDate "2003.03.08"]
[EventType "tourn"]
[EventRounds "13"]
[EventCountry "BAN"]
[EventCategory "9"]
[SourceTitle "CBM 095"]
[Source "ChessBase"]
[SourceDate "2003.07.25"]
[SourceVersion "1"]
[SourceVersionDate "2003.07.25"]
[SourceQuality "1"]

1. e4 d6 2. d4 Nf6 3. Nc3 Nbd7 4. Nf3 e5 5. Bc4 Be7 6. O-O O-O 7. Re1 c6 8. a4
a5 9. h3 exd4 10. Nxd4 Nc5 11. Bf4 Qb6 12. b3 (12. Nb3 Be6 13. Bxe6 Nxe6 14.
Be3 Qc7 15. Nd4 Nxd4 16. Bxd4 (16. Qxd4 Nd7 17. Rad1 Rad8 18. Qc4 Rc8 19. Rd2
Rfe8 20. Red1 Bf8 21. Bf4 Re6 $11 {1/2-1/2 Roiz,M-Oratovsky,M/Israel 1999/EXT
2000 (31)}) 16... Rad8 17. Qf3 Nd7 18. Rad1 Rfe8 19. Qg3 Bf6 20. Bxf6 Nxf6 21.
e5 $11 {1/2-1/2 Ivkov,B-Planinec,A/Amsterdam 1974/MCL (26)}) (12. Qd2 Bd7 13.
Nb3 Rad8 14. Qe3 Qb4 15. Nxc5 dxc5 16. b3 Be6 17. Bc7 Rd7 18. Na2 Qd2 19. Qxd2
Rxd2 20. Bxa5 Rxc2 21. Bd3 Rb2 22. Nc1 c4 23. bxc4 Bb4 24. Bxb4 Rxb4 25. Na2
Rxa4 $11 {1-0 Lorscheid,G-Tischbierek,R/Germany 1992/EXT 97-B (42)}) (12. Rb1
Qb4 13. Qe2 Re8 14. Bd2 Qb6 $11 {0-1 Sofieva,A-Bayramov,V/Baku 2000/EXT 2002 
(23)}) 12... Re8 13. e5 (13. Qf3 Ncd7 (13... Bf8 14. Rad1 Ne6 15. Be3 Qb4 16.
Nce2 Nc5 17. c3 Qb6 18. Ng3 Qd8 19. Nxc6 bxc6 20. Bxc5 $18 {1-0 Guliev,L-Genba,
V/Moscow 1996/EXT 2000 (54)}) 14. Nf5 Ne5 15. Bxe5 dxe5 16. Nxe7+ Rxe7 17. Rad1
Be6 18. Bxe6 Rxe6 $11 {1/2-1/2 Hracek,Z-Piket,J/Moscow 1994/CBM 45 (38)}) 13...
dxe5 14. Bxe5 (14. Rxe5 Ncd7 15. Re3 Nf8 16. Qd2 Ng6 $132) 14... Ncd7 15. Nf5
$6 (15. Bg3 Nf8 16. Qd3 Ng6 $11) 15... Nxe5 16. Rxe5 Bb4 (16... Bxf5 17. Rxf5
Bb4 18. Ne2 (18. Rxf6 gxf6 19. Qg4+ Kh8 $17) 18... Rad8 19. Qf1 $15) 17. Rxe8+
Nxe8 18. Qf3 (18. Nd4 Nd6 19. Qd3 Bd7 $17) 18... Bxf5 19. Qxf5 Nd6 20. Qd3 Re8
$1 $17 {Black's advantage is determined by his attacking opportunities that
are multiplied by the presence of the opposite-coloured Bs.} (20... Bxc3 21.
Qxc3 Qxf2+ 22. Kxf2 Ne4+ 23. Ke3 Nxc3 24. Kd4 Nd1 (24... Nd5 25. Bxd5 Rd8 26.
c4 $16) 25. Kc5 Ne3 26. Kb6 $44) 21. Rf1 (21. Ne2 Bc5 22. Rf1 Ne4 $5 (22... Qd8
23. c3 Qf6 $17) 23. Qd7 Rf8 24. Bxf7+ Kh8 25. c3 Bxf2+ 26. Kh2 Bc5 $17) 21...
g6 $5 (21... Qc5 22. Na2 Nxc4 23. bxc4 Be1 $1 24. Nc1 Qg5 $17) 22. Nd1 Bc5 23.
Kh1 Ne4 24. Kh2 Kg7 25. g3 Qc7 26. Kg2 f5 27. Re1 h5 $1 28. Qf3 Bb4 29. Re3 $2
(29. Rh1 $142 $17) 29... Bd2 $1 $19 30. Rxe4 (30. Re2 Ng5 31. Qd3 Rd8 32. Rxd2
Rxd3 33. Bxd3 f4 $19) 30... Rxe4 31. Qd3 Bb4 32. Nc3 Bxc3 33. Qxc3+ Qe5 34. Qd2
Rd4 35. Qc1 h4 36. c3 Re4 37. Qg5 Qe7 38. Qd2 hxg3 39. fxg3 Qf6 40. Qd3 Re7 41.
h4 f4 42. h5 Re3 43. Qd7+ Kh6 44. hxg6 Rxg3+ 45. Kf2 Qe5 0-1

[Event "EU-Cup 21st"]
[Site "Saint Vincent"]
[Date "2005.09.23"]
[Round "6.2"]
[White "Nedev, Trajce"]
[Black "Eljanov, Pavel"]
[Result "0-1"]
[WhiteElo "2530"]
[BlackElo "2639"]
[Annotator "Huzman,A"]
[PlyCount "76"]
[EventDate "2005.09.18"]
[EventType "team-swiss"]
[EventRounds "7"]
[EventCountry "ITA"]
[SourceTitle "CBM 110"]
[Source "ChessBase"]
[SourceDate "2006.01.31"]
[SourceVersion "1"]
[SourceVersionDate "2006.01.31"]
[SourceQuality "1"]
[WhiteTeam "Skopje"]
[BlackTeam "Ashdod"]
[WhiteTeamCountry "MKD"]
[BlackTeamCountry "ISR"]

1. e4 d6 2. d4 Nf6 3. Nc3 e5 4. Nf3 Nbd7 5. Bc4 Be7 6. O-O O-O 7. Re1 c6 8. a4
b6 9. Bg5 a6 10. d5 c5 11. Rb1 {The space advantage gives White better chances.
} (11. Nd2 Ra7 (11... Ne8 12. Bxe7 Qxe7 13. Rb1 (13. Bf1 g6 14. Rb1 f5 15. b4
Rb8 16. Nc4 Qd8 17. Rb2 Qc7 18. Qd2 f4 19. Reb1 $14 {1-0 Hauchard,A-Hickl,J/
Kaufbeuren 1993/EXT 97 (48)}) 13... Qd8 (13... g6 14. b4 Ng7 15. bxc5 bxc5 16.
Bf1 f5 17. a5 Ra7 18. Na4 Nf6 19. Nb6 fxe4 20. Nxc8 Rxc8 21. Nxe4 $16 {1-0
Cioara,A-Glienke,M/Le Touquet FRA 2004/(30)}) 14. Bd3 Qc7 15. Nc4 Rb8 16. Ne3
g6 17. Qe2 Ra8 18. Qd2 Rb8 19. b4 Nef6 20. Nc4 $14 {1/2-1/2 Fogarasi,T-Ruck,R/
Budapest 1996/CBM 57 (30)}) 12. Bf1 Ne8 13. Be3 g6 14. Bh6 Ng7 15. Nc4 Nf6 16.
h3 Kh8 17. Qd2 Ng8 18. Be3 f5 19. f4 $14 {1-0 Gouliev,N-Vijayalakshmi,S/Paris
FRA 2005/(54)}) (11. Bf1 Rb8 (11... Ne8 12. Bc1 (12. Be3 g6 13. g3 (13. Nd2 Bg5
14. Nc4 Rb8 15. Qd2 Bxe3 16. Nxe3 Ndf6 17. g3 Nh5 18. Ng2 Nc7 19. f4 Qe7 20.
Qf2 f6 21. Be2 Ng7 22. Ne3 exf4 23. gxf4 f5 $132 {1/2-1/2 Vyskocil,N-Pribyl,J/
Marianske Lazne IM 2004/(33)}) 13... Ng7 14. Nd2 f5 15. exf5 gxf5 16. f4 Bf6
17. Nc4 Qc7 18. fxe5 $14 {1-0 Acs,P-Lorscheid,G/Budapest 1998/EXT 99 (39)})
12... g6 13. Nd2 f5 14. exf5 gxf5 15. f4 e4 16. Nc4 Ndf6 17. Rb1 Qc7 18. b3 Rb8
19. Ne3 Rf7 20. Bb2 $16 {0-1 Bruzon Bautista,L-Hoffman,A/Havana 1999/CBM 071/
[Blatny,P] (63)}) 12. Rb1 h6 13. Bc1 Qc7 14. Nh4 Re8 15. Nf5 $14 {Bruzon,
L-Gonzalez de la Torre,S/Ortigueira 85/(286) 2002/[Bruzon,L] (15)}) 11... Nh5
$1 $146 {Black has more chances for counterplay with the knight on h5.} (11...
Ne8 12. Be3 g6 13. b4 (13. Nd2 Bg5 14. Bxg5 Qxg5 15. Bf1 Qd8 16. Nc4 Qc7 17.
Bd3 Nef6 18. Qe2 Re8 19. b4 Rb8 20. b5 a5 $14 {1/2-1/2 Sanchez,F-Tempone,M/
Villa Ballester 2001/CBM 80 ext (26)}) 13... f5 (13... Ng7 14. bxc5 bxc5 15.
Nd2 Bg5 16. Bxg5 Qxg5 17. Bf1 f5 18. Nc4 Qf6 19. a5 h5 20. exf5 gxf5 21. Na4 {
'+/-'} Ra7 22. Nab6 $16 {1-0 Leitao,R-Tempone,M/Buenos Aires 2000/CBM 79 (36)})
14. Bh6 Rf7 15. exf5 gxf5 16. Qd2 $16 {1-0 Milos,G-Hoffman,A/Santos 2003/CBM
95/[Huzman] (33)}) 12. Be3 g6 13. Bh6 (13. b4 $5 cxb4 14. Rxb4 Qc7 15. Nd2 $14)
(13. Qd2 Ng7) 13... Ng7 14. Qd2 Nf6 $1 {[%cal Yf6g4]} 15. h3 Kh8 16. b4 Ng8 17.
bxc5 (17. Be3 $5 f5 18. Qe2 f4 (18... Nf6 19. Ng5 h6 20. Ne6) 19. Bd2 g5 $132)
17... bxc5 18. Rb3 f5 19. Bg5 Nf6 20. Bxf6 $6 (20. Bd3 $142 Bd7 (20... fxe4 21.
Nxe4 Nxd5 (21... Nxe4 22. Bxe4 Nf5 23. Bxe7 Qxe7 24. Nxe5 Qxe5 25. Bxf5 Qxf5
26. Rf3 $18) 22. Bc4 $16) 21. Bxf6 Bxf6 22. Reb1 $36) 20... Bxf6 21. Bd3 Nh5 $1
{[%mdl 32] The return of the knight to h5 again stimulates the initiative of
Black.} 22. Bf1 Bg7 23. Qg5 $6 (23. Reb1 Nf4 (23... Nf6 24. Bd3) 24. Rb6 g5
$132 (24... fxe4 25. Nxe4 Nxh3+ 26. gxh3 Rxf3 27. Bg2 Rf4 28. Nxd6 $13)) 23...
Qc7 {Qg5 is in big danger now.} 24. Nd2 $2 f4 $17 {[%csl Rg5]} 25. g4 fxg3 (
25... Bf6 26. Qh6 Bg7 $11) 26. fxg3 c4 $1 {[%mdl 512]} 27. Nxc4 Qc5+ 28. Ne3 (
28. Qe3 Rxf1+ 29. Rxf1 Qxc4 $19) 28... Nf4 $1 29. g4 $2 (29. gxf4 exf4 30. Ne2
Be5 31. Bg2 Ra7 $17) (29. Qh4 h6 30. gxf4 exf4 $17) 29... Ra7 $1 30. Qh4 Raf7
31. Ncd1 Qd4 {[%cal Yd4a4]} 32. c4 Bd7 33. Rb7 Bxa4 $19 34. Rxf7 Rxf7 35. Qg3
Bf6 $1 {[%cal Yf6d8,Yd8b6]} 36. Nf2 Bd8 $1 37. c5 Qxc5 38. Bxa6 $2 Qa5 0-1

[Event "Ciocaltea Memorial"]
[Site "Bucharest"]
[Date "2003.03.16"]
[Round "13"]
[White "Vajda, Levente"]
[Black "Grigore, George Gabriel"]
[Result "1-0"]
[WhiteElo "2576"]
[BlackElo "2482"]
[Annotator "Huzman,A"]
[PlyCount "69"]
[EventDate "2003.03.04"]
[EventType "tourn"]
[EventRounds "13"]
[EventCountry "ROU"]
[EventCategory "9"]
[SourceTitle "CBM 094"]
[Source "ChessBase"]
[SourceDate "2003.05.26"]
[SourceVersion "1"]
[SourceVersionDate "2003.05.26"]
[SourceQuality "1"]

1. e4 d6 2. d4 Nf6 3. Nc3 e5 4. Nf3 Nbd7 5. Bc4 Be7 6. O-O O-O 7. Re1 c6 8. a4
a5 9. Bg5 {In fact, by developing the B, White is but wasting a tempo. Now
Black can nearly equalize by swapping the central Ps.} exd4 $5 $146 (9... Ng4)
10. Nxd4 {[%cal Gd4f5]} Ne5 11. Bf1 (11. Bb3 $5 {would be White's only chance
to press for an advantage.}) 11... Ng6 (11... Nfg4 $5 12. Bc1 $1 (12. Bf4 Bg5
13. Bg3 Bh4) 12... Bh4 13. g3 Qb6 14. Bg2 Bf6 15. Nce2 $14) (11... Re8 12. h3
Nd5 $5 (12... Nxe4 13. Bxe7 Nxc3 14. Bxd8 Nxd1 15. Bc7 Nxb2 16. Bxd6 $18) 13.
Bxe7 Nxe7 14. Qd2 $14 {[%csl Rd6]}) 12. h3 h6 13. Bc1 (13. Be3 d5 $11) 13...
Re8 (13... d5 $1 {This characteristic pawn advance would have provided Black
with a complete equality.} 14. e5 Ne4 $11 15. Nxe4 dxe4 16. e6 Qd5 (16... f5
17. Bc4 Qb6 $13 {[%cal Yc6c5]}) 17. exf7+ Qxf7 18. Be3 Ne5 $36 {>>}) 14. g3 Bf8
15. Bg2 $14 Qb6 $1 16. Be3 (16. b3 $2 d5 $1 $17) 16... Qc7 $2 ({It was already
well worth trying one's luck in complications caused by} 16... Qxb2 $5 17. Qd2
Qb4 (17... Qb6 18. Ne6 c5 19. Rab1 $16) 18. Rab1 Qc5 $5 (18... Qc4 19. f4 $5
$44 (19. Bf1 Qc5 20. Ndb5 Qh5 21. Nc7 Bxh3 $44 22. Bxh3 (22. Be2 Bg4 23. Nxa8
Rxa8 (23... Ne5 24. f4 Bf3 25. Rf1 $1 Nxe4 26. Nxe4 Bxe2 27. fxe5 Bxf1 28. Rxf1
Qxe5)) 22... Qxh3 23. Nxa8 Ne5 24. Qd1 Nfg4 $40 {/-+} 25. Nc7 Nh2 $1)) 19. Ne6
Qh5 20. g4 (20. Nc7 Bxh3 21. Nxa8 Rxa8 22. f3 $1 (22. Rxb7 Ne5 $44) 22... Ne5
23. g4 Qg6 24. Rxb7 Bxg2 25. Kxg2 Nc4 26. Qd4 Nxe3+ 27. Qxe3 (27. Rxe3 h5 $132)
27... d5 $44) 20... Nxg4 21. hxg4 Qxg4 22. Nd4 Nh4 23. f3 Qg6 24. Kf1 Qh5 $44)
17. Qd2 Bd7 18. Rad1 $16 {White's pieces are perfectly positioned, and his
space advantage is beyond any doubt, while Black's position is out of harmony.
Besides, he has no counterplay.} Rad8 19. f4 Ne7 20. g4 Bc8 (20... d5 21. e5
$16) 21. Qf2 Nd7 $4 {[%mdl 8192]} 22. Ndb5 $1 cxb5 23. Nxb5 Qc4 (23... Qc6 24.
Rxd6 Qc4 25. b3 Qb4 26. Rd4 Qc5 27. Rc4 $18) (23... Qb8 24. Ba7 Qa8 25. Nc7 $18
) 24. b3 Qb4 (24... Qe6 25. Rxd6 $18) (24... Qc6 25. Rxd6 $18) 25. Rd4 Qc5 26.
Rc4 (26. Rxd6 Qb4 27. Rd4 Qc5 28. Rc4 Qxc4 29. bxc4 $18) 26... Qxc4 27. bxc4
Nc6 28. Nc7 Re7 29. Nd5 Ree8 30. c3 g6 31. Rd1 Bg7 32. Nc7 Rf8 33. Rxd6 Bxc3
34. Nd5 Bg7 35. e5 1-0

[Event "Ciocaltea Memorial"]
[Site "Bucharest"]
[Date "2003.03.13"]
[Round "10"]
[White "Grigore, Nicolae Petre"]
[Black "Vajda, Levente"]
[Result "1/2-1/2"]
[WhiteElo "2391"]
[BlackElo "2576"]
[Annotator "Huzman,A"]
[PlyCount "41"]
[EventDate "2003.03.04"]
[EventType "tourn"]
[EventRounds "13"]
[EventCountry "ROU"]
[EventCategory "9"]
[SourceTitle "CBM 094"]
[Source "ChessBase"]
[SourceDate "2003.05.26"]
[SourceVersion "1"]
[SourceVersionDate "2003.05.26"]
[SourceQuality "1"]

1. e4 e5 2. Nf3 d6 3. d4 exd4 4. Nxd4 Nf6 5. Nc3 Be7 6. Bf4 O-O 7. Qd2 d5 8.
Ndb5 c6 9. Nc7 d4 10. O-O-O (10. Ne2 g5 $1 11. Be5 Nbd7 12. Bxf6 Nxf6 13. Qxg5+
Kh8 14. Nxa8 Re8 $1 15. f3 (15. O-O-O Nxe4 16. Qh5 Nxf2 17. h4 Bg4 18. Qe5+ Bf6
19. Qf4 Nxd1 20. Qxg4 Nf2 21. Qf3 Nxh1 {0-1 Karolyi,T-Ellenbroek,T/Apeldoorn
2001/CBM 85 ext (21)}) 15... Nxe4 16. Qe5+ Kg8 17. Qxd4 Bc5 18. Qxe4 Rxe4 19.
fxe4 Be3 20. Rd1 Bf2+ 21. Kxf2 Qxd1 $17 {0-1 Brodsky,M-Nisipeanu,L/Bucharest
2001/CBM 82/[Huzman] (40)}) (10. Nxa8 dxc3 11. Qxd8 Rxd8 12. bxc3 Nxe4 13. Bd3
Bd6 14. Be3 Nc5 15. Rd1 Kf8 16. O-O b6 17. Bc4 Rd7 18. Rd4 Bb7 19. Rfd1 Be5 20.
Rxd7 Ncxd7 21. f4 Bf6 22. Nc7 Ke7 23. Bd4 Bxd4+ 24. cxd4 Kd8 25. Bxf7 Kxc7 26.
Re1 $15 {1/2-1/2 Boguslavsky,O-Sitnikov,A/Dnepropetrovsk 2002/EXT 2003 (51)})
10... dxc3 (10... Nh5 11. Be5 Bg5 12. f4 dxc3 13. Qxd8 cxb2+ 14. Kb1 Bxd8 15.
Nxa8 Bg4 16. Rd3 Na6 17. h3 Be6 18. f5 $2 (18. Re3 $1) 18... Bc4 19. Rxd8 Rxd8
20. Bxc4 Rxa8 21. Rd1 Nc5 $11 {1/2-1/2 Pavasovic,D-Nisipeanu,L/Ljubljana 2002/
CBM 88_01/[Huzman] (23)}) 11. Qxd8 $2 (11. Qxc3 Nbd7 12. Nxa8 Nxe4 13. Qe3 Nef6
$13) 11... Bxd8 12. Rxd8 (12. Nxa8 Nxe4 13. Bxb8 Nxf2 $17) 12... Rxd8 13. f3 $4
(13. Bd3 Na6 14. Bxa6 Rb8 15. Bd3 cxb2+ 16. Kxb2 Bd7 $17) {[%tqu "En","Find
winning combination.","","","c3b2","",10]} 13... cxb2+ $4 (13... Rd1+ $1 14.
Kxd1 cxb2 $19) 14. Kxb2 Rd1 (14... Na6 15. Nxa8 b5 16. Nc7 (16. Be2 Ne8 $19)
16... Nxc7 17. Bxc7 Rd1 $11) 15. Nxa8 Na6 16. g4 $6 (16. Be3 $142 Be6 17. Rg1
b5 18. Bd3 $16) 16... Ne8 (16... Be6 $142 17. Bg2 (17. Be3 Bc4 18. Bg2 Rd8 $19)
17... Rd7 $11 {[%csl Ra8]}) 17. Be3 $1 b5 18. Bxa7 Nd6 (18... Be6 19. Be3 Re1
20. Bf2 Rd1 21. Rg1 Nb4 22. Bc5 Nxa2 23. f4 $16) 19. Nb6 (19. Rg1 $5 c5 20. e5
Nc4+ (20... Ne8 21. Nb6 Bb7 22. a4 $1 $16) 21. Bxc4 Rxg1 22. Bxb5 Rh1 23. Nb6
Bb7 24. f4 Rxh2 25. Nd7 Nb4 26. Bxc5 Nxc2 27. Kc3 $44) 19... Be6 20. e5 Nb7 21.
f4 (21. Bg2 Rd2 22. Rg1 Rf2 $44) (21. f4 Bxg4 22. Bg2 Rxh1 23. Bxh1 Na5 $14 {/=
}) 1/2-1/2